National universities commission monday bulletin (Record no. 38502)

MARC details
000 -LEADER
fixed length control field 00376nam a2200133Ia 4500
022 ## - INTERNATIONAL STANDARD SERIAL NUMBER
ISSN 07953089
245 #0 - TITLE STATEMENT
Title National universities commission monday bulletin
260 ## - PUBLICATION, DISTRIBUTION, ETC. (IMPRINT)
Name of publisher A Publication of the Office of the Executive Secretary
260 ## - PUBLICATION, DISTRIBUTION, ETC. (IMPRINT)
Year of publication 2013
300 ## - PHYSICAL DESCRIPTION
Number of Pages 317 p. :ill. ; 29 cm.
942 ## - ADDED ENTRY ELEMENTS (KOHA)
Koha item type Serials

No items available.